Truyền sóng và anten
Gespeichert in:
| 1. Verfasser: | |
|---|---|
| Format: | Buch |
| Sprache: | Undetermined |
| Veröffentlicht: |
ĐHQG Tp HCM
2001
|
| Tags: |
Tag hinzufügen
Keine Tags, Fügen Sie den ersten Tag hinzu!
|
| Thư viện lưu trữ: | Trung tâm Học liệu Trường Đại học Cần Thơ |
|---|
| LEADER | 00433nam a2200145Ia 4500 | ||
|---|---|---|---|
| 001 | CTU_48487 | ||
| 008 | 210402s9999 xx 000 0 und d | ||
| 082 | |a 621.3824 | ||
| 082 | |b Th561 | ||
| 100 | |a LÊ TIẾN THƯỜNG | ||
| 245 | 0 | |a Truyền sóng và anten | |
| 245 | 0 | |c LÊ TIẾN THƯỜNG, Trần Văn Sư | |
| 260 | |b ĐHQG Tp HCM | ||
| 260 | |c 2001 | ||
| 980 | |a Trung tâm Học liệu Trường Đại học Cần Thơ | ||